000 01293cam a2200265 a 4500
003 OSt
005 20210211134938.0
008 040728s2004 ck ad r s000 0 spa d
020 _a9583361836
040 _aCO-BoPUJ
_cCO-JMCR
041 0 _aspa
082 0 4 _a342.062
_bP964p
_223
110 1 _aColombia
_bProcuraduría General de la Nación
_92782
245 1 0 _aProcuraduría General de la Nación y estados de excepción
_cProcuraduría General de la Nación
250 _aPrimera edición
260 _aBogotá :
_bProcuraduría General de la Nación,
_c2004.
300 _a624 páginas
_bilustraciones, gráficos a blanco y negro ;
_c24 cm.
504 _aBibliografía: páginas 621-624
505 0 _aConmoción interior, Derechos Humanos y Estado Social de Derecho -- Informe especial de la zona de rehabilitación y consolidación de Arauca -- Conclusiones, recomendaciones finales y tareas inmediatas -- Estrategias de la Procuraduría General de la Nación en materia de conmoción interior
650 2 4 _aEstados de excepción
_xLegislación
_zColombia
_913330
650 2 4 _aEstado de conmoción interior
_xLegislación
_zColombia
_913331
650 2 4 _aDerechos humanos
_xLegislación
_zColombia
_910710
650 2 4 _aGarantías constitucionales
_zColombia
_98821
942 _2ddc
_cBK
999 _c7163
_d7163